Eastern Utah Libraries Catalog: Duchesne, Heber, Roosevelt, & Vernal

Hidden places (Record no. 41893)

MARC details
000 -LEADER
fixed length control field 03047cgm a2200709Ka 4500
003 - CONTROL NUMBER IDENTIFIER
control field OCoLC
005 - DATE AND TIME OF LATEST TRANSACTION
control field 20241220115634.0
006 - FIXED-LENGTH DATA ELEMENTS--ADDITIONAL MATERIAL CHARACTERISTICS--GENERAL INFORMATION
fixed length control field m d
007 - PHYSICAL DESCRIPTION FIXED FIELD--GENERAL INFORMATION
fixed length control field vd cvaizu
007 - PHYSICAL DESCRIPTION FIXED FIELD--GENERAL INFORMATION
fixed length control field co ug---------
008 - FIXED-LENGTH DATA ELEMENTS--GENERAL INFORMATION
fixed length control field 060906p20062005nyu086 g vleng d
001 - CONTROL NUMBER
control field ocm71259342
020 ## - INTERNATIONAL STANDARD BOOK NUMBER
International Standard Book Number 076622807X
024 1# - OTHER STANDARD IDENTIFIER
Standard number or code 018713517807
028 42 - PUBLISHER NUMBER
Publisher number 05-51780
Source GT Media
035 ## - SYSTEM CONTROL NUMBER
System control number (Sirsi) i9780766228078
037 ## - SOURCE OF ACQUISITION
Source of stock number/acquisition Midwest Tape
Note http://www.midwesttapes.com
040 ## - CATALOGING SOURCE
Original cataloging agency TEFMT
Transcribing agency TEFMT
Modifying agency TEF
-- GL9
-- WHP
-- UINTA
043 ## - GEOGRAPHIC AREA CODE
Geographic area code n-us---
049 ## - LOCAL HOLDINGS (OCLC)
Holding library UCLB
050 14 - LIBRARY OF CONGRESS CALL NUMBER
Classification number PN1995.9.M45
Item number H53346 2006
082 04 - DEWEY DECIMAL CLASSIFICATION NUMBER
Classification number 791.43/72
Edition number 22
092 ## - LOCALLY ASSIGNED DEWEY CALL NUMBER (OCLC)
Classification number 791.437
245 00 - TITLE STATEMENT
Title Hidden places
Medium [videorecording] /
Statement of responsibility, etc Hallmark Entertainment presents an Alpine Medien Production in association with Larry Levinson Productions ; produced by Albert T. Dickerson III, Jeff Kloss ; teleplay by Robert Tate Miller ; directed by Yelena Lanskaya.
260 ## - PUBLICATION, DISTRIBUTION, ETC. (IMPRINT)
Place of publication, distribution, etc New York :
Name of publisher, distributor, etc GT Media,
Date of publication, distribution, etc 2006.
300 ## - PHYSICAL DESCRIPTION
Extent 1 videodisc (ca. 86 min.) :
Other physical details sd., col. ;
Dimensions 4 3/4 in.
538 ## - SYSTEM DETAILS NOTE
System details note DVD; region 1; standard full frame (1.33:1) presentation; Dolby digital.
546 ## - LANGUAGE NOTE
Language note English dialogue.
500 ## - GENERAL NOTE
General note Title from container.
500 ## - GENERAL NOTE
General note Originally produced for television in 2005.
511 1# - PARTICIPANT OR PERFORMER NOTE
Participant or performer note Sydney Penny, Shirley Jones, Jason Gedrick, Tom Bosley, Barry Corbin, John Diehl.
508 ## - CREATION/PRODUCTION CREDITS NOTE
Creation/production credits note Director of photography, James Wrenn ; edited by, Jan Popiden ; music by, Roger Bellon.
500 ## - GENERAL NOTE
General note Based on the novel written by Lynn Austin.
521 8# - TARGET AUDIENCE NOTE
Target audience note Not rated.
520 ## - SUMMARY, ETC.
Summary, etc A widowed mother of two must overcome great odds to save her family's home. Just when things can't get worse, fate brings along hope in the form of a mysterious drifter who offers his help.
500 ## - GENERAL NOTE
General note Special features: An excerpt from Lynn Austin's upcoming book, A Woman's Place; Hidden Places discussion guide.
500 ## - GENERAL NOTE
General note Both special features are PDF files.
650 #0 - SUBJECT ADDED ENTRY--TOPICAL TERM
Topical term or geographic name as entry element Widows
Geographic subdivision United States
Form subdivision Drama.
9 (RLIN) 6506235
650 #0 - SUBJECT ADDED ENTRY--TOPICAL TERM
Topical term or geographic name as entry element Harvesting time
Geographic subdivision United States
Form subdivision Drama.
9 (RLIN) 6506236
650 #0 - SUBJECT ADDED ENTRY--TOPICAL TERM
Topical term or geographic name as entry element Man-woman relationships
Geographic subdivision United States
Form subdivision Drama.
9 (RLIN) 5695933
655 #7 - INDEX TERM--GENRE/FORM
Genre/form data or focus term Made-for-TV movies.
Source of term local
9 (RLIN) 6164507
655 #7 - INDEX TERM--GENRE/FORM
Genre/form data or focus term Melodrama, American.
Source of term local
9 (RLIN) 5802855
655 #0 - INDEX TERM--GENRE/FORM
Genre/form data or focus term Melodrama
Form subdivision Television feature.
9 (RLIN) 5802857
655 #7 - INDEX TERM--GENRE/FORM
Genre/form data or focus term Family
Form subdivision Television feature.
Source of term local
9 (RLIN) 5802858
655 #7 - INDEX TERM--GENRE/FORM
Genre/form data or focus term Women
Form subdivision Television feature.
Source of term local
9 (RLIN) 6499489
655 #0 - INDEX TERM--GENRE/FORM
Genre/form data or focus term Melodrama.
9 (RLIN) 6164509
700 1# - ADDED ENTRY--PERSONAL NAME
Personal name Lanskaya, Yelena.
9 (RLIN) 6085751
700 1# - ADDED ENTRY--PERSONAL NAME
Personal name Penny, Sydney.
9 (RLIN) 68660
700 1# - ADDED ENTRY--PERSONAL NAME
Personal name Jones, Shirley,
Dates associated with a name 1934 Mar. 31-
9 (RLIN) 14285
700 1# - ADDED ENTRY--PERSONAL NAME
Personal name Gedrick, Jason,
Dates associated with a name 1965-
9 (RLIN) 65022
700 1# - ADDED ENTRY--PERSONAL NAME
Personal name Bosley, Tom.
9 (RLIN) 19811
700 1# - ADDED ENTRY--PERSONAL NAME
Personal name Corbin, Barry,
Dates associated with a name 1940-
9 (RLIN) 69096
700 1# - ADDED ENTRY--PERSONAL NAME
Personal name Bellon, Roger,
Dates associated with a name 1953-
9 (RLIN) 55300
700 1# - ADDED ENTRY--PERSONAL NAME
Personal name Austin, Lynn N.
9 (RLIN) 61293
710 2# - ADDED ENTRY--CORPORATE NAME
Corporate name or jurisdiction name as entry element Hallmark Entertainment (Firm)
9 (RLIN) 64960
710 2# - ADDED ENTRY--CORPORATE NAME
Corporate name or jurisdiction name as entry element Alpine Medien Productions (Firm)
9 (RLIN) 6164510
710 2# - ADDED ENTRY--CORPORATE NAME
Corporate name or jurisdiction name as entry element Living Arts (Firm)
9 (RLIN) 65151
710 2# - ADDED ENTRY--CORPORATE NAME
Corporate name or jurisdiction name as entry element Gaiam Real Goods (Firm)
9 (RLIN) 67596
942 ## - ADDED ENTRY ELEMENTS (KOHA)
Koha item type DVD
994 ## -
-- C0
-- UINTA
998 ## - LOCAL CONTROL INFORMATION (RLIN)
-- a95087
Holdings
Withdrawn status Lost status Source of classification or shelving scheme Damaged status Not for loan Collection code Home library Current library Shelving location Date acquired Source of acquisition Cost, normal purchase price Total Checkouts Total Renewals Full call number Barcode Date last seen Date checked out Cost, replacement price Price effective from Koha item type
    Dewey Decimal Classification     Movies Wasatch County Library Wasatch County Library Audio Visual Area 04/12/2018   8.99 14 5 DVD Hid 34301001725805 10/24/2024 09/30/2024 8.99 03/20/2020 DVD
This project was made possible through a grant from the Institute of Museum and Library Service administered by the Utah State Library Division.

Wasatch County Library

  • 465 East 1200 South, Heber City, Utah 84032
  • Phone 435-654-1511 | Fax 435-654-6456

Hours

  • Monday - Friday 9:30 AM - 8:00 PM
  • Saturday 9:30 AM - 1:30 PM
  • Closed Sundays and Holidays